header

View of the Constitution of the United States (Record no. 204484)

MARC details
000 -LEADER
fixed length control field 01491nam a2200373Ia 4500
100 1# - MAIN ENTRY--AUTHOR NAME
Personal name Tucker, St. George,
245 10 - TITLE STATEMENT
Title View of the Constitution of the United States
260 ## - PUBLICATION, DISTRIBUTION, ETC. (IMPRINT)
Place of publication Indianapolis :
Name of publisher Liberty Fund,
Year of publication c1999.
300 ## - PHYSICAL DESCRIPTION
Number of Pages xxi, 478 p.
650 #0 - SUBJECT ADDED ENTRY--TOPICAL TERM
Topical Term Common law
Topical Term Constitutional law
Topical Term Slavery
700 1# - ADDED ENTRY--PERSONAL NAME
Personal name Wilson, Clyde Norman.
856 40 - ELECTRONIC LOCATION AND ACCESS
Uniform Resource Identifier http://site.ebrary.com/lib/rucke/Doc?id=10614691

No items available.

© 2026 Rongo University
Contact us: librarian | system librarian | Rongo university